01050nam a22002657a 4500003000500000005001700005008004100022010001000063011001000073020003600083020003600119020003400155035001000189040000900199082001600208100002100224245007600245260003400321300001600355505014800371534010400519534010800623650003000731700002300761CHAP20220329133802.0120606s2008 sp a r 00010 spa d a10868 a11840 a978-84-291-7255-3 (Volúmen 1) a978-84-291-7256-0 (Volúmen 2) a9788429172577 (Obra completa) a11281 cCHAP04a620.11bA821 aAshby, Michel F.10aMateriales para ingenieríac/por Michael F. Ashby y David R. H. Jones aBarcelona :bReverté,c2008 a2 v. :bil.0 av.1 Introducción a las propiedades, las aplicaciones y el diseño. -- v.2 Introducción al amicroestructura, el procesamiento y el diseño pTít. original :tEnginnering materials I. An introduction to propeerties, applications and design pTít. original :tEnginnering materials II. An introduction to microestructures, processing and design04aIngenieríaxMateriales.1 aJones, David R. H.